| 000 | 00447pab a2200169 454500 | ||
|---|---|---|---|
| 008 | 180718b2008 xxu||||| |||| 00| 0 eng d | ||
| 100 | _aBarnes, Marian | ||
| 245 | _aStrategies for the prevention of social exclusion: an analysis of the children's fund | ||
| 260 | _c2008 | ||
| 300 | _ap.251-70. | ||
| 362 | _aApr | ||
| 650 | _aChild welfare | ||
| 700 | _aMorris, Kate | ||
| 773 | _aJournal of Social Policy | ||
| 908 | _aN | ||
| 909 | _a83445 | ||
| 999 |
_c83445 _d83445 |
||